000 00339nam a2200133 i 4500
001 bg
100 1 _aJankowski, Janusz
_c(mechanika).
245 0 _aWagi i ważenie wysokiej dokładności /
_cJanusz Jankowski.
260 _aWarszawa,
_c1982.
040 _cBPK
041 _apol
942 _cKS
008 s pl f |000 0 pol
999 _c20233
_d20233
856 _uhttp://koha.tu.koszalin.pl/cgi-bin/koha/opac-detail.pl?biblionumber=20233
_yKatalog online BPK